1988-1989 Pop Songs by Artist and Lyric - Statistics

General Stats
  • This quiz has been taken 338 times
    270 since last reset
  • The average score is 8 of 20
Answer Stats
Lyric Artist Song Title % Correct
Aruba, Jamaica, ooh I wanna take ya / Bermuda, Bahama, come on pretty mama Beach Boys Kokomo
83%
In every life we have some trouble / When you worry you make it double Bobby McFerrin Don't Worry, Be Happy
75%
Close your eyes, give me your hand / Do you feel my heart beating? / Do you understand? The Bangles Eternal Flame
72%
Did you ever know that you're my hero, and everything I would like to be? Bette Midler The Wind Beneath My Wings
70%
I know if I put my mind to it / I know that I really can do it George Harrison Got My Mind Set on You
64%
Do you really want to love me forever oh oh oh / Or am I caught in a hit and run? Paula Abdul Straight Up
56%
The world was on fire / And no could save me but you Chris Isaak Wicked Game
47%
I can't stop / The way I feel / Things you do / Don't seem real Fine Young Cannibals She Drives Me Crazy
46%
I've got to let you know / You're one of my kind INXS Need You Tonight
43%
Oceans apart / Day after day / And I slowly go insane Richard Marx Right Here Waiting
42%
Take it hip to hip / Rocking through the wilderness / Around the world / The trip begins with a kiss The B-52s Roam
38%
Hugging like a monkey see, monkey do / Right beside a riverboat gambler Terrence Trent D'Arby Wishing Well
38%
Shadows grow so long before my eyes / If I leave here tomorrow, would you still remember me? Will to Power Baby, I Love Your Way/Freebird Medley
32%
You want it all but you can't have it Faith No More Epic
31%
We've all got our own funny moods / I've got mine / Woman you've got yours too Simply Red If You Don't Know Me By Now
30%
I know what I know, if you know what I mean Edie Brickell & New Bohemians What I Am
28%
You'll leave bad times way behind / Nothing but good times on your mind Steve Winwood Roll With It
16%
Found about Vigo / The master of evil / Try to battle my boys? / That's not legal! Bobby Brown On Our Own
9%
The perfect boy will meet the perfect girl / And the perfect love will set the world on fire Huey Lewis and the News Perfect World
6%
Come on let's cruise ya got nothin' to lose Beach Boys Still Cruisin'
4%
No matching quizzes found
Score Distribution
Percent of People with Each Score
Percentile by Number Answered
Your Score History
You have not taken this quiz since the last reset